000 00728nam a2200253Ia 4500
003 OSt
005 20221006144036.0
006 a|||||r|||| 00| 0
007 ta
008 221006b |||||||| |||| 00| 0 eng d
020 _c1533.00
024 _a10,718
037 _cTextual
040 _aEASL
_cEASL
_beng
041 _2eng
_aeng
082 _aW691.N28, N0
100 _aLUK Michael Y.L
_9650777
245 0 _aOrigins of Chinese bolshevism
_b An ideology in the making,1920-1928
260 _aOxford
_bOxford University Press
_c1990
300 _a366p.
_ccm.
490 _v CEL
_aEast Asian Historical Monographs
942 _hW691.N28, N0
_cTEXL
_2CC
999 _c1078804
_d1078804